00605nam a2200217Ia 4500008004100000020001800041050001000059050001600069100001900085245003000104245006600134260001500200260001800215260001100233300001500244300001200259300001100271440005000282650003000332650002500362170203s9999 xx 000 0 und d a9780439687744 a32.02 b.P113r 2004 aPackard, Mary. aStrange school stories /  cby Mary Packard and the editors of Ripley Entertainment, Inc. aNew York : b Scholastic,  cc2004. a86 pages : bill. ;  c20 cm. aRipley's believe it or not (Scholastic, Inc.) aCuriosities and wonders-- xJuvenile literature.